Histoire et royauté commençant par la lettre D - Statistiques

Statistiques générales
  • Ce quiz a été pris 79 fois
  • Le résultat moyen est 9 sur 20
Statistiques - réponses
Indice Réponse % Correct
Pays dont la famille Glücksburg règne depuis 1863. Danemark
94%
Titre donné à l'héritier du trône de France. Dauphin
93%
Bijou en forme de bande ou de couronne, symbolisant le pouvoir et la noblesse. Diadème
88%
Celui qui porte le titre de noblesse le plus élevé après celui de prince. Duc
87%
Succession de souverains d'une même famille. Dynastie
87%
Première épouse du prince Charles, futur roi Charles III. Diana Spencer
78%
Plusieurs rois bibliques et monarques européens et hébreux ont porté ce nom. David
65%
Action de retirer un monarque ou un membre de la famille royale de ses fonctions ou titres Destitution
51%
Document adopté par les colonies américaines en 1776, marquant leur rupture avec la royauté britannique. Déclaration d'indépendance
48%
Théorie selon laquelle le pouvoir royal est donné par Dieu. Droit divin
42%
Capitale historique de l'Empire moghol en Inde. Delhi
41%
Maîtresse du roi Henri II de France. Diane de Poitiers
39%
Ancien royaume africain, aujourd'hui situé dans le Bénin. Dahomey
33%
Pays membre du Commonwealth dont le roi Charles III est le chef d'État. Dominique
25%
Action par laquelle un monarque choisit officiellement une personne, souvent l’héritier. Désignation
22%
Pouvoir absolu et autoritaire d’un monarque, souvent exercé de manière tyrannique. Despote
16%
Seigneur féodal japonais. Daimyo
7%
Dynastie royale en Afghanistan fondée par Ahmad Shah au XVIIIe siècle. Durrani
3%
Cour ou conseil royal en Inde, dans l'Empire moghol et d'autres royaumes asiatiques. Darbār
0%
Prince et héros national Indonésien, célèbre pour sa résistance à l'occupation néerlandaise au XIXe siècle. Diponegoro
0%
Aucun quiz correspondant
Distribution des résultats
% des personnes avec chaque résultat
Percentile par nombre de réponses
Votre historique - résultats
Vous n’avez pas pris ce quiz